000 00287nam a22001337a 4500
008 170525b xxu||||| |||| 00| 0 eng d
020 _a9781568810119
041 _aeng
080 _a007.52
100 _a26
101 _aIM
245 _aMOBILE ROBOTS
_cJONES.J.L
942 _2udc
_cBK
999 _c14274
_d14274